000 00330nam a2200133Ia 4500
008 190216s9999||||xx |||||||||||||| ||und||
100 _aSastry S S
245 0 _aIntroductory Methods Of Numerical Analysis
250 _a3rd Ed.
260 _bPentice Hall Of India
_c1998
300 _a380p
650 _aMathematics
942 _cBK
999 _c33480
_d33480